000
00285nam a2200121Ia 4500
008
190216s9999||||xx |||||||||||||| ||und||
100
_a
Cheshire Gc & Fifoot C H S
245
0
_a
Law Of Contract
260
_b
Butter Worth & Co
_c
1969
300
_a
609p
650
_a
Law
942
_c
BK
999
_c
3958
_d
3958